Acta anthropologica : La tenencia de la tierra en el municipio de San Juan Teotihuacán, Edo. de México /

Guardat en:
Dades bibliogràfiques
Autor principal: Nolasco Armas, Margarita (autor)
Altres autors: López V., Pablo (dirección) (dirección)
Format: Llibre
Idioma:espanyol
Matèries:
Etiquetes: Afegir etiqueta
Sense etiquetes, Sigues el primer a etiquetar aquest registre!

MARC

LEADER 00000nam^a2200000^a^4500
001 000099924
005 20250521000000.0
009 20260310093145.866
037 |a Acervo ITESO - Biblioteca 
041 |a ESP 
082 |a 300. 5  |b ACT 1962 V. 2 T. 3 
100 |a Nolasco Armas, Margarita  |e (autor) 
240 1 1 |a [Acta anthropologica] 
245 1 0 |a Acta anthropologica :  |b La tenencia de la tierra en el municipio de San Juan Teotihuacán, Edo. de México /  |c M. Nolasco Armas ; dir. de P. López V. 
264 |a México :  |b Escuela Nacional de Antropología e Historia, Sociedad de Alumnos,  |c 1962 
300 |a 123 p. 
336 |a texto  |b txt  |2 rdacontenido 
337 |a sin mediación  |b n  |2 rdamedio 
338 |a volumen  |b nc  |2 rdasoporte 
649 |a XX 
650 |a Antropología -  |x Publicaciones Periódicas Mexicanas 
650 |a Tenencia de la Tierra -  |z Teotihuacán, México (Estado) 
650 |a Tenencia de la Tierra -  |z México (Estado) 
650 |a Campesinos Mexicanos -  |x Condiciones Económicas 
650 |a Reforma Agraria -  |z México -  |x Historia 
650 |a Política Agraria -  |z México 
650 |a Política Económica -  |z México 
650 |a Economía -  |z México -  |x Historia -  |y Siglo XX 
700 |a López V., Pablo  |e (dirección) 
910 |a Fondo Salvador Reynoso Reynoso 
920 |a Impresos - Libros 
930 |a Fondos Especiales 
905 |a 112 
901 |a 0500034683  |b IT2  |c ESP  |u 20250521 
902 |a https://opac.biblio.iteso.mx/vufind/Record/000099924